| 000 | 00920nam a2200253Ia 4500 | ||
|---|---|---|---|
| 005 | 20220316235541.0 | ||
| 008 | 121119s2002 ck a gr 000 0 spa | ||
| 020 | _a9583600903 | ||
| 041 | 0 | _aspa | |
| 082 | 0 | 4 |
_a986.11 _bF14H1 |
| 100 | 1 |
_aFals Borda, Orlando _d1925- |
|
| 245 | 1 | 0 |
_aHistoria doble de la costa, 1 _bMompox y Loba _cOrlando Fals Borda |
| 250 | _aSegunda edición | ||
| 300 |
_a167 páginas _bilustraciones _c20 cm |
||
| 651 | 4 |
_aCosta Atlántica (Colombia) _xPolitica y gobierno _938711 |
|
| 651 | 4 |
_aCosta Atlántica (Colombia) _xHistoria _ySiglo XIX _938712 |
|
| 651 | 4 |
_aCosta Atlántica (Colombia) _xVida social y costumbres _ySiglo XIX _938713 |
|
| 942 |
_2ddc _cBK |
||
| 264 |
_aBogotá _bEl Áncora _bBanco de la República _c2002 |
||
| 336 |
_atexto _btxt _2rdacontent |
||
| 337 |
_asin mediación _bn _2rdamedia |
||
| 338 |
_avolumen _bnc _2rdacarrier |
||
| 040 |
_aCO-BoRNBP _bspa _erda _cCO-BoRNBP |
||
| 999 |
_c1329 _d1329 |
||